Last 10 Capitals Alphabetically - Statistics

General Stats
  • This quiz has been taken 34 times
  • The average score is 7 of 10
Answer Stats
Answer % Correct
Zagreb
96%
Yaounde
81%
Washington
70%
Wellington
70%
Yaren
70%
Yerevan
67%
Windhoek
59%
Yamoussoukro
59%
Vilnius
56%
Warsaw
56%
No matching quizzes found
Score Distribution
Percent of People with Each Score
Percentile by Number Answered
Your Score History
You have not taken this quiz